An encyclopedia of tables

Bibliographic Details
Main Author: Yates, Simon
Format: Book
Published: 128p. : ill. , 29cm
Subjects:

MARC

LEADER 00000cam a2200000 7i4500
001 0000004517
002 000004871
005 20000330.0
020 |a 185076199X 
090 0 0 |a 645.4   |b YAT 
100 1 |a Yates, Simon 
245 1 3 |a An encyclopedia of tables   |c Simon Yates 
260 |a 128p. :   |b ill. ,   |c 29cm 
650 0 0 |a Tables   |x Encyclopedias and dictionaries 
999 |a 024327   |b ENSIKLOPEDIA DEWASA   |c PINJAMAN   |e PERPUSTAKAAN KOMUNITI PETALING JAYA